Debo del es / (Registro nro. 3816)
[ vista simple ]
| 000 -LEADER | |
|---|---|
| fixed length control field | 00855nam a2200241Ia 4500 |
| 003 - CONTROL NUMBER IDENTIFIER | |
| control field | OSt |
| 005 - DATE AND TIME OF LATEST TRANSACTION | |
| control field | 20250627123640.0 |
| 008 - FIXED-LENGTH DATA ELEMENTS--GENERAL INFORMATION | |
| fixed length control field | 191128s1999 ck er 000 p spa d |
| 020 ## - INTERNATIONAL STANDARD BOOK NUMBER | |
| International Standard Book Number | 9592600147 |
| 040 ## - CATALOGING SOURCE | |
| Original cataloging agency | CO-JMCR |
| Transcribing agency | CO-JMCR |
| 041 ## - LANGUAGE CODE | |
| Language code of text/sound track or separate title | spa |
| 082 04 - DEWEY DECIMAL CLASSIFICATION NUMBER | |
| Classification number | A-P |
| Item number | FERd |
| 100 1# - MAIN ENTRY--PERSONAL NAME | |
| Personal name | Fernandez de Assis, Cecy, |
| Relator term | autora |
| 9 (RLIN) | 8777 |
| 245 10 - TITLE STATEMENT | |
| Title | Debo del es / |
| Statement of responsibility, etc. | Cecy Fernandez de Assis |
| 260 ## - PUBLICATION, DISTRIBUTION, ETC. | |
| Place of publication, distribution, etc. | Bogotá : |
| Name of publisher, distributor, etc. | Fondo Editorial Casa de las Américas, |
| Date of publication, distribution, etc. | 1999 |
| 300 ## - PHYSICAL DESCRIPTION | |
| Extent | 141 páginas ; |
| Dimensions | 22 cm. |
| 490 0# - SERIES STATEMENT | |
| Series statement | Colección arte de nuestra américa |
| 500 ## - GENERAL NOTE | |
| General note | Incluye datos biográficos del autor en solapa posterior. |
| 505 ## - FORMATTED CONTENTS NOTE | |
| Formatted contents note | Vi en el … -- Nuevo reino -- Soy ardua arena - Machacados de gozo -- Pimba, el tiempo caduca dolencia y -- Paño de fundo -- Actantes -- El monte |
| 534 ## - ORIGINAL VERSION NOTE | |
| Introductory phrase | Debo do é |
| 650 14 - SUBJECT ADDED ENTRY--TOPICAL TERM | |
| Topical term or geographic name entry element | Poesía |
| 9 (RLIN) | 8778 |
| 942 ## - ADDED ENTRY ELEMENTS (KOHA) | |
| Source of classification or shelving scheme | Dewey Decimal Classification |
| Koha item type | Books |
| Withdrawn status | Lost status | Source of classification or shelving scheme | Damaged status | Not for loan | Collection code | Home library | Current library | Date acquired | Source of acquisition | Full call number | Barcode | Date last seen | Copy number | Koha item type | Public note |
|---|---|---|---|---|---|---|---|---|---|---|---|---|---|---|---|
| Dewey Decimal Classification | Fiction | Biblioteca Pública José María del Castillo y Rada | Biblioteca Pública José María del Castillo y Rada | 11/28/2019 | Donación | A-P FERd | 201808296 | 11/28/2019 | Ej.1 | Books | Ultima página arrugada. |